书目信息 |
| 题名: |
光学设计
|
|
| 作者: | 袁旭沧 编著 | |
| 分册: | ||
| 出版信息: | 北京 科学出版社 1983.2 |
|
| 页数: | 838页 | |
| 开本: | 20cm | |
| 丛书名: | ||
| 单 册: | ||
| 中图分类: | TH740.2 | |
| 科图分类: | ||
| 主题词: | 光学仪器 | |
| 电子资源: | ||
| ISBN: | ||
| 000 | 00543nam0 2200205 45 | |
| 001 | 0312221749 | |
| 005 | 20040520172736.0 | |
| 010 | @dCNY4.05 | |
| 091 | @a15031.464 | |
| 100 | @a20031222d1983 km y0chiy0120 ea | |
| 101 | @achi | |
| 105 | @a z 000yy | |
| 200 | 1 | @a光学设计@AGuang Xue She Ji@f袁旭沧等编著@FYuan Xu Cang Deng Bian Zhu |
| 210 | @a北京@c科学出版社@d1983.2 | |
| 215 | @a838页@d20cm | |
| 606 | 0 | @a光学仪器 |
| 690 | @aTH740.2@v3 | |
| 701 | 0 | @a袁旭沧@4编著 |
| 801 | @aCN@bTSTCL@c20031222 | |
| 905 | @dTH740.2@e2@f2@b80930-931 | |
| 光学设计/袁旭沧等编著.-北京:科学出版社,1983.2 |
| 838页;20cm |
| ISBN :CNY4.05 |
| ● |
| 相关链接 |
|
|
|
|
正题名:光学设计
索取号:TH740.2/2
 
预约/预借
| 序号 | 登录号 | 条形码 | 馆藏地/架位号 | 状态 | 备注 |
| 1 | 0080930 | 001365631 | 密集书库/ [索取号:TH740.2/2] | 在馆 | |
| 2 | 0080931 | 001365677 | 第三借阅区/ [索取号:TH740.2/2] | 在馆 | |
| 3 | 0080932 | 001365711 | 第二样本阅览室/ [索取号:TH740.2/2] | 在馆 |